SHADOW OF THE DRAGON AND RECENT DEVELOPMENTS (Record no. 28846)

MARC details
000 -LEADER
fixed length control field 00303nam a22001337a 4500
003 - CONTROL NUMBER IDENTIFIER
control field SGT
020 ## - INTERNATIONAL STANDARD BOOK NUMBER
International Standard Book Number 9788188012848
082 ## - DEWEY DECIMAL CLASSIFICATION NUMBER
Classification number 070
Item number S18K
100 ## - MAIN ENTRY--PERSONAL NAME
Personal name KUNDU, AMALENDU
245 ## - TITLE STATEMENT
Title SHADOW OF THE DRAGON AND RECENT DEVELOPMENTS
260 ## - PUBLICATION, DISTRIBUTION, ETC. (IMPRINT)
Name of publisher, distributor, etc POETS FOUNDATION
Year of Publication 2018
300 ## - PAGE DESCRIPTION
No. of Pages 399
942 ## - ADDED ENTRY ELEMENTS (KOHA)
Source of classification or shelving scheme Dewey Decimal Classification
Koha item type Books
Holdings
Withdrawn status Lost status Source of classification or shelving scheme Damaged status Not for loan Home library Current library Shelving location Date acquired Cost, normal purchase price SGTU Total Checkouts Full call number Accession No. (Barcode) Date last seen Bill Date Koha item type
    Dewey Decimal Classification   Not For Loan SGT Chancellor's Library SGT Chancellor's Library Reference Book 11/01/2025 799.00 SGTU   070 S18K CH1692 11/01/2025 11/01/2025 Books